Hybné sily éry nového marketingu

Zásadné vývojové zmeny marketingu v ére nového marketingu. Budovanie vzťahu so zákazníkmi, podporený efektívne štruktúrovanou databázou. Význam kvalitatívneho výskumu. Implementácia výpočtov a simulačných postupov. Dialóg a spätná väzba so zákazníkom. Vzťahový marketing a výber najvhodnejších partne...

Full description

Saved in:
Bibliographic Details
Main Author: Lesáková, Dagmar, 1949-
Format: Book Chapter
Language:Slovak
Subjects:
Tags: Add Tag
No Tags, Be the first to tag this record!

MARC

LEADER 00000naa$a2200000$$$4500
001 0037954
005 20240502071457.3
041 0 |a slo 
044 |a SK 
245 1 0 |a Hybné sily éry nového marketingu  |c Dagmar Lesáková 
520 |a Zásadné vývojové zmeny marketingu v ére nového marketingu. Budovanie vzťahu so zákazníkmi, podporený efektívne štruktúrovanou databázou. Význam kvalitatívneho výskumu. Implementácia výpočtov a simulačných postupov. Dialóg a spätná väzba so zákazníkom. Vzťahový marketing a výber najvhodnejších partnerov. Pestovanie vzťahu so zákazníkom. Budovanie podnikovej siete. Turbomarketing. 
610 2 0 |a marketing 
610 2 0 |a stratégia marketingová 
610 2 0 |a zákazníci 
610 2 0 |a vzťahy obchodné 
610 2 0 |a komunikácia 
610 2 0 |a dodávatelia 
610 2 0 |a odberatelia 
610 2 0 |a technológie informačné 
610 2 0 |a internet 
610 2 0 |a výskum 
100 1 |a Lesáková, Dagmar, 1949-